Amatérska výtvarná a fotografická tvorba 1995 okresná výstava, Zvolen ... 5.-29.10.1995

Bibliographic Details
Corporate Author: Amatérska výtvarná a fotografická tvorba Zvolen, Slovensko
Other Authors: Szabó, Miloš (Compiler, Curator)
Format: Conference Proceeding Book
Language:Slovak
PhysicalDescription:[24] s. fotogr. 18 x 21 cm
Published: Zvolen Regionálne kultúrne stredisko 1995
ISBN:8085150104
Subjects:

MARC

LEADER 00000nam a2200000 a 4500
001 vtls001282686
003 SK-MaSNL
005 20260301064754.0
008 160624s1995 xo o g c 00000 slo
015 |a SNBE1997/0200626 
020 |a 8085150104 
035 |a SNK000234136 
040 |a SNK  |b slo  |c SNK  |e AACR2 
041 0 |a slo 
044 |a xo  |c SK 
080 |a 73/76+77.04:061.4(083.9)  |2 1981 
111 1 |a Amatérska výtvarná a fotografická tvorba  |d (1995 :  |c Zvolen, Slovensko)  |9 382543 
245 1 0 |a Amatérska výtvarná a fotografická tvorba 1995  |b okresná výstava, Zvolen ... 5.-29.10.1995  |c zostavil, komisár výstavy Miloš Szabó 
260 |a Zvolen  |b Regionálne kultúrne stredisko  |c 1995 
300 |a [24] s.  |b fotogr.  |c 18 x 21 cm 
500 |a Nepredajné 
650 0 7 |a amatérska fotografia  |2 SNKPH  |9 72795 
655 7 |a katalógy výstav  |2 SNKPH  |9 70445 
700 1 |a Szabó, Miloš  |4 com  |4 cur  |9 12659 
710 2 |a Regionálne kultúrne stredisko (Zvolen, Slovensko)  |4 orm  |9 33289 
919 |a 80-85150-10-4 
958 |a BX 
999 |c 628166  |d 630096 
952 |t P60, <03>, [BOOK], {603}  |a SNK  |b SNK  |y PREZ  |7 0  |p 17A0059737  |o snkOSD 7743  |i snkKSP 3713/97  |0 0  |1 0  |4 0  |d 1997-04-15  |l 0  |r 2005-01-02 00:00:00  |w 2026-02-23 
952 |t P60, <04>, [BOOK], {604}  |a SNK  |b SNK  |y VYP  |7 0  |p 17A0059738  |o snkOSD 7743 D1  |i snkKSP 3714/97  |0 0  |1 0  |4 0  |d 1997-04-15  |l 0  |r 2005-01-02 00:00:00  |w 2026-02-23